[Event "Brno op"]
[Site "Brno"]
[Date "2015.08.28"]
[Round "7"]
[White "Hruza, Dominik"]
[Black "Dvorakova, Olga"]
[Result "1/2-1/2"]
[WhiteElo "1652"]
[BlackElo "1446"]
[PlyCount "58"]
[EventDate "2015.08.23"]
[EventType "swiss"]
[EventRounds "9"]
[EventCountry "CZE"]
[SourceTitle "EXT 2016"]
[Source "ChessBase"]
[SourceDate "2015.10.08"]
[SourceVersion "1"]
[SourceVersionDate "2015.10.08"]
[SourceQuality "1"]

1. e4 c5 2. Nf3 d6 3. c3 Nf6 4. Qc2 Nc6 5. d4 cxd4 6. cxd4 Bg4 7. d5 Bxf3 8. gxf3 Ne5 9. Be2 Rc8 10. Nc3 g6 11. f4 Ned7 12. Be3 Bg7 13. 0-0 Nc5 14. Bb5+ Nfd7 15. Rac1 0-0 16. f3 a6 17. Be2 f5 18. Kh1 b5 19. a3 Nb6 20. Qb1 Nb3 21. Rcd1 Nc4 22. Bxc4 bxc4 23. Ne2 Qd7 24. Bd4 Nxd4 25. Nxd4 Bxd4 26. Rxd4 Qb5 27. Qc1 c3 28. b4 Rc4 29. Rfd1 fxe4 1/2-1/2

[Event "CZE-chT U20 Extraliga Ost 1415"]
[Site "Czech Republic"]
[Date "2014.10.12"]
[Round "4.3"]
[White "Hruza, Dominik"]
[Black "Stepan, Patrik"]
[Result "1/2-1/2"]
[WhiteElo "1635"]
[BlackElo "1932"]
[PlyCount "69"]
[EventDate "2014.10.11"]
[EventType "team-tourn"]
[EventRounds "11"]
[EventCountry "CZE"]
[SourceTitle "EXT 2021"]
[Source "ChessBase"]
[SourceDate "2020.10.23"]
[SourceVersion "1"]
[SourceVersionDate "2020.10.23"]
[SourceQuality "1"]
[WhiteTeam "Brno Lokomotiva (U20) II"]
[BlackTeam "Frydek Mistek (U20)"]
[WhiteTeamCountry "CZE"]
[BlackTeamCountry "CZE"]

1. e4 c5 2. c3 d5 3. exd5 Qxd5 4. d4 e6 5. Nf3 Nf6 6. Be2 Be7 7. 0-0 0-0 8. Be3 cxd4 9. cxd4 Nc6 10. Nc3 Qd8 11. Qb3 Nb4 12. Ne5 Nbd5 13. Bf3 Re8 14. Rac1 a6 15. Bg5 Qd6 16. Rfd1 Rb8 17. Bh4 Nxc3 18. bxc3 Qa3 19. Nc6 Qxb3 20. Nxe7+ Rxe7 21. axb3 Rd7 22. Bxf6 gxf6 23. c4 Rd8 24. g3 Kg7 25. d5 Bd7 26. d6 Bc6 27. Kg2 f5 28. c5 Kf6 29. Bxc6 bxc6 30. Ra1 Ra8 31. Rd4 Rd7 32. Rb4 Ke5 33. Rb6 Kd5 34. b4 a5 35. Kf3 1/2-1/2

[Event "Brno Duras op-B"]
[Site "Brno"]
[Date "2014.06.30"]
[Round "3"]
[White "Hruza, Dominik"]
[Black "Pelikan, Karel"]
[Result "0-1"]
[WhiteElo "1635"]
[BlackElo "1734"]
[PlyCount "107"]
[EventDate "2014.06.28"]
[EventType "swiss"]
[EventRounds "9"]
[EventCountry "CZE"]
[SourceTitle "EXT 2017"]
[Source "ChessBase"]
[SourceDate "2016.10.25"]
[SourceVersion "1"]
[SourceVersionDate "2016.10.25"]
[SourceQuality "1"]

1. e4 c5 2. c3 d6 3. d4 Bd7 4. Nf3 Nc6 5. Be3 e6 6. Bd3 Be7 7. 0-0 Nf6 8. a3 c4 9. Bc2 Na5 10. Nbd2 Rc8 11. h3 a6 12. Nh2 e5 13. d5 0-0 14. f4 exf4 15. Rxf4 Ne8 16. Rf1 Bg5 17. Qe2 Bxe3+ 18. Qxe3 Rc5 19. Nhf3 h6 20. Nd4 Qg5 21. Rae1 Qxe3+ 22. Rxe3 g6 23. g4 Kg7 24. Ref3 f6 25. Kh2 Rc7 26. Kg3 Bc8 27. R1f2 Re7 28. Kf4 Re5 29. Ke3 h5 30. Rg3 hxg4 31. hxg4 Rh8 32. N2f3 Re7 33. Rh2 Rxh2 34. Nxh2 g5 35. Rh3 Kg8 36. Kf3 Bd7 37. Nf1 Ng7 38. Ng3 Re5 39. Rh6 Kf7 40. Rh8 Re8 41. Rxe8 Kxe8 42. Ndf5 Bxf5 43. exf5 b5 44. Ne4 Ke7 45. a4 Ne8 46. axb5 axb5 47. Nd2 Nc7 48. Ke4 Na6 49. Kd4 Nc5 50. Ne4 Nxe4 51. Kxe4 Kd7 52. Bd1 Kc7 53. Bc2 Nb7 54. Kd4 0-1